Operating procedure guidelines and standards of service (Record no. 432999)

000 -LEADER
fixed length control field 00547cam a22001337a 4500
008 - FIXED-LENGTH DATA ELEMENTS--GENERAL INFORMATION
fixed length control field 180718b1998 xxu||||| |||| 00| 0 eng d
082 ## - DEWEY DECIMAL CLASSIFICATION NUMBER
Classification number Q39x54 M277/1 (N)
245 ## - TITLE STATEMENT
Title Operating procedure guidelines and standards of service
Statement of responsibility, etc. by Emergency Earthquake Rehabilition Progamme, Maharashtra
260 ## - PUBLICATION, DISTRIBUTION, ETC.
Place of publication, distribution, etc. Mumbai
Name of publisher, distributor, etc. Emergency Earthquake Rehabilition Progamme
Date of publication, distribution, etc. 1998
300 ## - PHYSICAL DESCRIPTION
Extent v.p.
500 ## - GENERAL NOTE
General note Maharashtra Disaster management Plan
650 ## - SUBJECT ADDED ENTRY--TOPICAL TERM
Topical term or geographic name entry element Disaster management Plan-Maharashtra
700 ## - ADDED ENTRY--PERSONAL NAME
Personal name Maharashtra. Emergency Earthquake Rehabilition Progamme
Holdings
Withdrawn status Lost status Source of classification or shelving scheme Damaged status Not for loan Permanent Location Current Location Date acquired Full call number Barcode Date last seen Price effective from Koha item type
          Indian Institute of Public Administration Indian Institute of Public Administration 2010-02-05 Q39x54 M277/1 (N) GR21145 2018-07-21 2018-07-21 GR
          Indian Institute of Public Administration Indian Institute of Public Administration 2010-02-05 Q39x54 M277/1 (N) GR21139 2018-07-21 2018-07-21 GR

Powered by Koha